Biện pháp quản lý công tác sinh viên tại trường Đại học Kiến trúc Đà Nẵng

Cơ sở lý luận của đề tài; Thực trạng quản lý công tác sinh viên tại trường đại học Kiến Trúc Đà Nẵng; Biện pháp qủan lý công tác sinh viên tại trường đại học Kiến Trúc Đà Nẵng...

Saved in:
Bibliographic Details
Main Author: Cao Xuân Tịnh
Other Authors: Nguyễn Sỹ Thư T.S (Hướng dẫn)
Format: Book
Published: Đà Nẵng Đại học Đà Nẵng 2012
Subjects:
Tags: Add Tag
No Tags, Be the first to tag this record!
Institutions: Mạng thư viện Đại học Đà Nẵng
LEADER 01815nam a2200325 4500
001 000017805
003 14231
005 20130830100852.0
008 130606s2012 sd
082 |a 378.195  |b CA-T 
100 |a Cao Xuân Tịnh 
245 |a Biện pháp quản lý công tác sinh viên tại trường Đại học Kiến trúc Đà Nẵng  |c Cao Xuân Tịnh ; Nguyễn Sỹ Thư hướng dẫn.  |k Luận văn Thạc sĩ 
260 |a Đà Nẵng  |b Đại học Đà Nẵng  |c 2012 
300 |a 107 tr., phụ lục 9 tr.  |c 29 cm.  |e CD + tóm tắt 
500 |a Luận văn thạc sĩ Giáo dục học. Chuyên ngành: Quản lý giáo dục. Mã số: 60.14.05. 
520 |a Cơ sở lý luận của đề tài; Thực trạng quản lý công tác sinh viên tại trường đại học Kiến Trúc Đà Nẵng; Biện pháp qủan lý công tác sinh viên tại trường đại học Kiến Trúc Đà Nẵng... 
650 0 4 |a Giáo dục đại học  |v Luận văn tốt nghiệp  |x Quản lý  |z Đà Nẵng 
650 0 4 |a Quản lý công tác sinh viên  |v Luận văn tốt nghiệp  |x Trường đại học kiến trúc Đà Nẵng 
653 |a Quản lý giáo dục.  |a Sinh viên  |a Giáo dục đại học  |a Trường đại học kiến trúc Đà Nẵng 
700 |a Nguyễn Sỹ Thư  |c T.S  |e Hướng dẫn 
OWN |a LSP 
AVA |a UDN50  |b LSP  |d 378.195 CA-T  |e available  |t Error 5001 Not defined in file expand_doc_bib_avail.  |f 1  |g 0  |h N  |i 0  |k 1 
999 |a From the UDN01 
AVA |a UDN50  |b LSP  |d 378.195 CA-T  |e available  |t Error 5001 Not defined in file expand_doc_bib_avail.  |f 1  |g 0  |h N  |i 0  |k 1 
TYP |a Monograph 
TYP |a Printed language 
980 |a Mạng thư viện Đại học Đà Nẵng